000 01737nam a22003857a 4500
001 12178564
003 OSt
005 20210423055830.0
008 000919s1999 enkab bc 001 0 eng
010 _a 00559926
020 _a0856675016
040 _aDLC
_cDLC
_dDLC
_beng
041 _aeng
043 _aa-gs---
050 0 0 _aN7292.9
_b.N38 1999
080 _a008
_bS-70
082 0 0 _a709/.4758
_221
100 _91072
_aSoltes, Z. Ori
_eEditor
245 0 0 _aNational treasures of Georgia /
_ceditor, Ori Z. Soltes.
_b/ by: Philip Wilson Publishers
260 _aLondon
_bPhilip Wilson Publishers
_aBethesda, Md. :
_bFoundation for International Arts & Education ;
_aWappingers' Falls, N.Y. :
_bAntique Collectors' Club [distributor],
_c1999.
300 _a286 p.
_bill. (some col.), col. maps
_c29 cm.
500 _aThe catalogue of an exhibition.
500 _a"As this catalogue was being printed, the Georgian Government postponed the exhibition"--P. [4].
504 _aIncludes bibliographical references (p. 278-280) and index.
650 0 _aArt, Georgian (South Caucasian)
_vExhibitions.
650 0 _aHistory of civilizations
_9410
653 _aცივილიზაციის ისტორია
700 1 _aSoltes, Ori Z.
710 2 _aFoundation for International Arts and Education.
856 4 2 _3Contributor biographical information
_uhttp://www.loc.gov/catdir/bios/hol054/00559926.html
856 4 2 _3Publisher description
_uhttp://www.loc.gov/catdir/description/hol051/00559926.html
906 _a7
_bcbc
_corignew
_d2
_encip
_f20
_gy-gencatlg
942 _2udc
_cBK
999 _c1655
_d1655